<The> Tax burden of individuals in selected member states of the European Union

Medzinárodná spolupráca v zdaňovaní, jej fázy, úrovne a metódy uplatnenia. Analýza daňového bremena v EÚ, krajinách V4 a Portugalska.

Gespeichert in:
Bibliographische Detailangaben
1. Verfasser: Simonidesová, Jana, 1968-
Weitere Verfasser: Feranecová, Adela, 1986-
Format: Buchkapitel
Sprache:Englisch
Schlagworte:
Tags: Tag hinzufügen
Keine Tags, Fügen Sie das erste Tag hinzu!

MARC

LEADER 00000naa a2200000 4500
001 0211114
005 20240502073521.9
041 0 |a eng 
044 |a SK 
245 1 0 |a <The> Tax burden of individuals in selected member states of the European Union  |c Jana Simonidesová, Adela Feranecová 
520 |a Medzinárodná spolupráca v zdaňovaní, jej fázy, úrovne a metódy uplatnenia. Analýza daňového bremena v EÚ, krajinách V4 a Portugalska. 
610 2 0 |a zaťaženie daňové 
610 2 0 |a povinnosť daňová 
610 2 0 |a koordinácia 
610 2 0 |a harmonizácia 
610 2 0 |a systémy daňové 
100 1 |a Simonidesová, Jana, 1968- 
700 1 |a Feranecová, Adela, 1986-